Countries with the Lowest Obesity Rate with Exceptions - Statistics

General Stats
  • This quiz has been taken 25 times
  • The average score is 10 of 20
Answer Stats
Rate Country % Correct
19.70% Denmark
73%
19.90% Italy
73%
20.80% Portugal
73%
21.20% Estonia
67%
18.90% Moldova
67%
20.40% Netherlands
67%
20.20% Slovenia
67%
20.60% Sweden
67%
17.90% Bosnia and Herzegovina
60%
20.50% Slovakia
60%
19.70% Peru
53%
19.50% Switzerland
53%
20.10% Austria
47%
19.90% Ecuador
47%
20.20% Bolivia
40%
20.30% Paraguay
33%
20.20% Guyana
20%
18.60% Trinidad and Tobago
20%
18.90% Antigua and Barbuda
13%
19.70% Saint Lucia
13%
No matching quizzes found
Score Distribution
Percent of People with Each Score
Percentile by Number Answered
Your Score History
You have not taken this quiz